Catálogo Biblioteca Central

La corrupcion (Registro nro. 153248)

Detalles MARC
000 -CABECERA
campo de control de longitud fija 00962nam a22003135 4500
001 - NÚMERO DE CONTROL
campo de control 153248
003 - IDENTIFICADOR DEL NÚMERO DE CONTROL
campo de control ES-MaBCM
005 - FECHA Y HORA DE LA ÚLTIMA TRANSACCIÓN
campo de control 20241016185654.0
008 - CÓDIGOS DE INFORMACIÓN DE LONGITUD FIJA
campo de control de longitud fija 071108s2007 mex spa d
020 ## - NÚMERO INTERNACIONAL NORMALIZADO PARA LIBROS(ISBN)
Número Internacional Normalizado para Libros (ISBN) 970-633-330-4
021 ## -
-- xx
035 ## - NÚMERO DE CONTROL DEL SISTEMA
Número de control de sistema (OCoLC)645217178
040 ## - FUENTE DE LA CATALOGACIÓN
Centro transcriptor ES-MaBCM
080 ## - NÚMERO DE LA CLASIFICACIÓN DECIMAL UNIVERSAL
Número de la Clasificación Decimal Universal 343.35
080 ## - NÚMERO DE LA CLASIFICACIÓN DECIMAL UNIVERSAL
Número de la Clasificación Decimal Universal 32:17
080 ## - NÚMERO DE LA CLASIFICACIÓN DECIMAL UNIVERSAL
Número de la Clasificación Decimal Universal 343.35:33
245 03 - MENCIÓN DE TÍTULO
Título La corrupcion
Mención de responsabilidad etc. Virgilio Zapatero, compilador
250 ## - MENCIÓN DE EDICIÓN
Mención de edición 1ª ed
260 ## - PUBLICACIÓN, DISTRIBUCIÓN, ETC. (PIE DE IMPRENTA)
Lugar de publicación distribución etc. México :
Nombre del editor distribuidor etc. Coyoacán,
Fecha de publicación distribución etc. 2007
300 ## - DESCRIPCIÓN FÍSICA
Extensión 189 p. ;
Dimensiones 21 cm
490 0# - MENCIÓN DE SERIE
Mención de serie Filosofía y cultura contemporánea ;
-- 111215
Designación de volumen o secuencia 29
500 ## - NOTA GENERAL
Nota general Reúne las contribuciones del Seminario que se llevó a cabo en la Facultad de Derecho de la Universidad de Alcalá
650 27 - PUNTO DE ACCESO ADICIONAL DE MATERIA--TÉRMINO DE MATERIA
Término de materia o nombre geográfico como elemento inicial Corrupción
9 (RLIN) 58157
650 27 - PUNTO DE ACCESO ADICIONAL DE MATERIA--TÉRMINO DE MATERIA
Término de materia o nombre geográfico como elemento inicial Moralidad de la clase política
9 (RLIN) 59478
650 27 - PUNTO DE ACCESO ADICIONAL DE MATERIA--TÉRMINO DE MATERIA
Término de materia o nombre geográfico como elemento inicial Moral administrativa
9 (RLIN) 59477
650 27 - PUNTO DE ACCESO ADICIONAL DE MATERIA--TÉRMINO DE MATERIA
Término de materia o nombre geográfico como elemento inicial Análisis económico
9 (RLIN) 57538
700 1# - PUNTO DE ACCESO ADICIONAL--NOMBRE DE PERSONA
Nombre de persona Zapatero, Virgilio
9 (RLIN) 50083
942 ## - ELEMENTOS DE PUNTO DE ACCESO ADICIONAL (KOHA)
Tipo de ítem Koha Libros
Existencias
Estado de retiro Estado de pérdida Fuente del sistema de clasificación o colocación Estado dañado No para préstamo Localización permanente Ubicación/localización actual Ubicación en estantería Fecha de adquisición Fuente de adquisición Número de inventario Número de registro Total de préstamos Signatura topográfica completa Código de barras Precio válido a partir de Tipo de ítem Koha
          Biblioteca Central del Ministerio de la Presidencia Biblioteca Central del Ministerio de la Presidencia Sala 14/11/2007 Compra 66892 66892   51090 1052486 14/11/2007 Libros